000 00603nam a2200193 i 4500
001 101547
003 ES-MaACL
005 20250814230840.0
007 t|
008 051020s1969 sp ||||1| spa d
100 1 _aMedina Ortega, Manuel.
_979748
245 1 3 _aLa Organización de las Naciones Unidas
_b: su estructura y funciones /
_cManuel Medina Ortega.
260 _aMadrid :
_bTecnos,
_c1969.
300 _a199 p. con 6 gráf. ;
_c23 cm.
490 1 _aCiencias sociales
830 0 0 _aCiencias sociales
_9177859
852 _aES-MaACL
_jC-38090
_bR.69622
999 _c101547
_d101547